| 000 | 01244nam a2200253Ia 4500 | ||
|---|---|---|---|
| 001 | 10589 | ||
| 003 | GE_BSU | ||
| 008 | 181216s||||||||xx |||||||||||||| ||und|| | ||
| 020 | _a9789941401503 | ||
| 040 | _cGE_BSU | ||
| 080 | _a811.411.171'02'36+27-23 | ||
| 100 | _aროზენტალი,ფრანც | ||
| 245 | _aბიბლიის არამეული | ||
| 245 | _cთარგმ.კომენტ.და ბოლოსიტყვ.დაურთო ელენე გიუნაშვილმა.რედ.მარიამ ჩაჩიბაია | ||
| 260 | _aთბილისი | ||
| 260 | _bლოგოსი | ||
| 260 | _c2007 [2008]] | ||
| 300 | _a268გვ.20სმ. | ||
| 300 | _cბიბლიოგრ. ტექსტ. შენიშვნ. და გვ. 254-263. | ||
| 520 | _aპროგრამა "ლოგოსი". პუბლიკაციები და ღონისძიებები კლასიკური ფილოლოგიის, ბიზანტინისტიკისა და ნეოგრეცისტიკის სფეროში | ||
| 541 | _h10ლ. | ||
| 653 | _aბიბლიის არამეული | ||
| 942 | _cBK | ||
| 999 |
_c43841 _d43841 |
||